| 000 | 01867nam a22003617a 4500 | ||
|---|---|---|---|
| 003 | dpl | ||
| 005 | 20080911114410.0 | ||
| 008 | 080911t xxu||||| |||| 00| 0 eng d | ||
| 010 | _aDVD-000951-953 | ||
| 024 |
_200XM8 _c499.00 |
||
| 035 | _aDVD-000951-953 | ||
| 040 |
_aDPL _cDPL |
||
| 082 | _aDVD / SANT | ||
| 245 |
_aSanta Clause, The _cWalt Disney Pictures Presents _h[videorecording] (DVD)/ _bThe Escape Clause |
||
| 260 |
_aBurbank, CA _bWalt Disney Pictures in Association With Hollywood Pictures |
||
| 300 |
_a1 videodiscs (99 min.): _bsd., col.; _c4 3/4 in. _fDVD |
||
| 440 | _aWalt Disney Home Entertainment | ||
| 500 | _aSole Distributor in India M/s Excel Productions Audio Visuals Pvt. Ltd. | ||
| 538 | _aDolby Digital 5.1-English, Subtitles-English, Thai, Bahasa, Korean, Mandarin, Cantonese | ||
| 538 | _aAspect Ratio:1.85.1, Presentation Type: Wide Screne, Presentation Size 16x9, Formaton: DVD 9- Dual Layer Single sided Disc, | ||
| 650 | _2Motion Pictures | ||
| 700 | _aAllen, Tim | ||
| 700 | _aReinhold, Judge | ||
| 700 | _aWendy Crewson | ||
| 700 | _aBoyle, Peter | ||
| 700 | _aConvertino, Michael | ||
| 700 | _aBock, Larry | ||
| 942 |
_2ddc _cCF _hDVD _mSANT |
||
| 999 |
_c16756 _d16756 |
||